00406nam a2200157Ia 4500001000500000005001700005008004100022041000800063082001700071100003600088245006600124260000900190300003300199650000800232654000800240505720260306145840.0260306t2003||||xx |||||||||||||| ||spa|| aESP a332.678bC33 aCastro Rodríguez, RaúleAUT 0aEvaluación económica y social de proyectos de inversión c2003 axiv, 363 páginas :c23 cm. aGEN aCAN